श्रामणेर विनय (Record no. 378680)

MARC details
000 -LEADER
fixed length control field 00665nam a2200241Ia 4500
003 - CONTROL NUMBER IDENTIFIER
control field OSt
005 - DATE AND TIME OF LATEST TRANSACTION
control field 20220923225514.0
008 - FIXED-LENGTH DATA ELEMENTS--GENERAL INFORMATION
fixed length control field 220922b |||||||| |||| 00| 0 pl d
037 ## - SOURCE OF ACQUISITION
Terms of availability Textual
040 ## - CATALOGING SOURCE
Original cataloging agency ARTS
Transcribing agency ARTS
Language of cataloging pl
041 ## - LANGUAGE CODE
Source of code pl
Language code of text/sound track or separate title pl
100 ## - MAIN ENTRY--PERSONAL NAME
Personal name धर्मरक्षित, संपा.
245 #0 - TITLE STATEMENT
Title श्रामणेर विनय
246 ## - VARYING FORM OF TITLE
Title proper/short title Shrāmaṇer vinaya
260 ## - PUBLICATION, DISTRIBUTION, ETC.
Date of publication, distribution, etc. 1968
650 ## - SUBJECT ADDED ENTRY--TOPICAL TERM
Topical term or geographic name entry element धर्म
942 ## - ADDED ENTRY ELEMENTS (KOHA)
Classification part Q4:51, 151K8
Koha item type Textual
Source of classification or shelving scheme Colon Classification (CC)
Holdings
Withdrawn status Lost status Damaged status Not for loan Home library Current library Date acquired Total Checkouts Full call number Barcode Date due Date last seen Date last checked out Price effective from Koha item type
        Arts Library Central Library 2022-09-23 1 Q4:51 151K8 CL0463268 2017-08-05 2026-01-07 2026-01-07 2022-09-23 Textual
Copyright @ Delhi University Library System